000 00337nam a2200133Ia 4500
008 240624s9999 xx 000 0 und d
041 _aeng
082 _a004.3 ELL
100 _aELLIS BYRON
245 _aREAL TIME ANALYTICS TECHNIQUES TO ANALYZ
260 _c2014
_aNew Delhi
_bWiley
300 _a412 : p. : cm. ; 28
365 _cRS
_b33
999 _c26517
_d26517